000 00810nam a2200253Ia 4500
003 GCL
008 140319s9999 xx 000 0 ara d
040 _aGCL /
_cGCL
082 0 4 _a327.11
_bف ج
100 1 _aفؤاد عبدالسلام الفارسى
245 1 0 _aجريمة العصر تشريع سياسى /
_cفؤاد عبدالسلام الفارسى
260 _aالرياض :
_bدائرة الاعلام
300 _a147 ص ؛
_c175 ص
490 _a
650 0 4 _aالعالم العربى
650 0 4 _aالاحوال السياسية
650 0 4 _aالسياسة
650 0 4 _aالعلاقات الخارجية
650 0 4 _aمقالات ومحاضرات
650 0 4 _aحرب الخليج
650 0 4 _aالصحافة
650 0 4 _aوسائل الاعلام
942 _2ddc
_cBK
999 _c30002
_d30002